Catálogo público

Producción intensiva de carne / (Record no. 163983)

MARC details
000 -CABECERA
campo de control de longitud fija 01072nam a2200325Ia 4500
001 - NÚMERO DE CONTROL
campo de control Z_908
003 - IDENTIFICADOR DEL NÚMERO DE CONTROL
campo de control CHAP
008 - DATOS DE LONGITUD FIJA--INFORMACIÓN GENERAL
campo de control de longitud fija 220113s9999 xx 000 0 und d
010 ## - NÚMERO DE CONTROL DE LA BIBLIOTECA DEL CONGRESO
Número de control de LC 163983
020 ## - NÚMERO INTERNACIONAL ESTÁNDAR DEL LIBRO
Número Internacional Estándar del Libro 968-13-0867-0
040 ## - FUENTE DE LA CATALOGACIÓN
Centro/agencia transcriptor CHAP
082 ## - NÚMERO DE LA CLASIFICACIÓN DECIMAL DEWEY
Número de clasificación 636.213 P74
100 ## - ENTRADA PRINCIPAL--NOMBRE DE PERSONA
Nombre de persona Preston, T. R.
9 (RLIN) 138031
245 ## - MENCIÓN DE TÍTULO
Título Producción intensiva de carne /
Mención de responsabilidad, etc. T. R. Preston, coautor M. B. Willis
260 ## - PUBLICACIÓN, DISTRIBUCIÓN, ETC.
Lugar de publicación, distribución, etc. México :
Nombre del editor, distribuidor, etc. Diana,
Fecha de publicación, distribución, etc.
300 ## - DESCRIPCIÓN FÍSICA
Extensión 736 p.
500 ## - NOTA GENERAL
Nota general La Biblioteca cuenta con las reimpresiones: 2a reimpresión de 1975, 4a reimpresión de 1982 y 6a reimpresión de 1986
503 ## - NOTA DE HISTORIA BIBLIOGRÁFICA (BK CF MU) [OBSOLETO]
Nota de historia bibliográfica ej.1: C/E \ ej.2: reposición por el título Tablas de requerimientos nutricionales \ ej.3: \ ej.4: 0313 \ ej.5: 0314
504 ## - NOTA DE BIBLIOGRAFÍA, ETC.
Nota de bibliografía, etc. Bibliografía: p. 577 - 715, incluye índice
650 ## - PUNTO DE ACCESO ADICIONAL DE MATERIA--TÉRMINO DE MATERIA
Término de materia o nombre geográfico como elemento de entrada Beef cattle
9 (RLIN) 138032
650 ## - PUNTO DE ACCESO ADICIONAL DE MATERIA--TÉRMINO DE MATERIA
Término de materia o nombre geográfico como elemento de entrada Ganado bovino
9 (RLIN) 138033
650 ## - PUNTO DE ACCESO ADICIONAL DE MATERIA--TÉRMINO DE MATERIA
Término de materia o nombre geográfico como elemento de entrada Ganado de carne
Subdivisión general Mejoramiento
9 (RLIN) 45091
700 ## - PUNTO DE ACCESO ADICIONAL--NOMBRE DE PERSONA
Nombre de persona Willis, Macolm Beverley, coaut.
9 (RLIN) 138034
901 ## - ELEMENTOS DE DATOS A LOCAL LDA (RLIN)
a 636.213 P74
902 ## - ELEMENTOS DE DATOS B LOCAL, LDB (RLIN)
a M
910 ## - DATOS DE OPCIÓN DEL USUARIO (OCLC)
Datos de opción del usuario
942 ## - ELEMENTOS DE PUNTO DE ACCESO ADICIONAL (KOHA)
Tipo de ítem Koha Libro_
942 ## - ELEMENTOS DE PUNTO DE ACCESO ADICIONAL (KOHA)
Tipo de ítem Koha
Holdings
Estado de retiro Estado de pérdida Fuente del sistema de clasificación o colocación Estado dañado No para préstamo Código de colección Localización permanente Ubicación/localización actual Ubicación en estantería Fecha de adquisición Código de barras Fecha visto por última vez Número de copia Precio válido a partir de Tipo de ítem Koha Total de préstamos Fecha del último préstamo
    Dewey Decimal Classification     General Zootecnia Zootecnia   10/07/2012 z_0800 18/01/2022 1 18/01/2022 Libro    
    Dewey Decimal Classification     General Zootecnia Zootecnia   10/07/2012 z_0801 03/10/2024 2 18/01/2022 Libro 2 03/10/2024
    Dewey Decimal Classification     General Zootecnia Zootecnia   10/07/2012 z_0802 18/01/2022 3 18/01/2022 Libro    
    Dewey Decimal Classification     General Zootecnia Zootecnia   10/07/2012 z_0803 03/10/2024 4 18/01/2022 Libro 2 03/10/2024
    Dewey Decimal Classification     General Zootecnia Zootecnia   10/07/2012 z_5131 04/03/2024 5 18/01/2022 Libro 3 04/03/2024